Countries 3, 6, 9, 12 borders away from Italy - Whammies - Statistics

General Stats
  • This quiz has been taken 69 times
  • The average score is 22 of 56
Answers on the Map
Answers color-coded by a green-red scale on the quiz's map according to % correct below.
 
Answer Stats
D Country % Correct
3 United Kingdom
92%
3 Portugal
90%
3 Poland
88%
3 Ukraine
88%
3 Romania
78%
3 Denmark
76%
3 Bosnia and Herzegovina
74%
3 Serbia
74%
3 Morocco
50%
6 Iraq
44%
6 Iran
42%
6 Syria
42%
3 Colombia
40%
6 Kyrgyzstan
40%
6 Mexico
40%
6 Chad
38%
3 Guyana
38%
6 Nepal
38%
6 South Korea
38%
6 Uzbekistan
38%
6 Vietnam
38%
3 Argentina
36%
6 Bhutan
36%
6 Laos
36%
6 Myanmar
36%
6 Nicaragua
36%
3 Paraguay
36%
3 Peru
36%
6 Sudan
36%
3 Uruguay
36%
3 Bolivia
34%
6 Egypt
34%
6 India
32%
6 Turkmenistan
32%
3 Venezuela
32%
6 Armenia
30%
9 Brunei
30%
9 Indonesia
30%
6 Nigeria
30%
6 Sweden
30%
6 Afghanistan
28%
9 Angola
28%
6 Gambia
28%
6 Guinea
28%
3 Montenegro
28%
9 Zambia
28%
6 Burkina Faso
26%
6 Pakistan
26%
6 Tajikistan
26%
6 Ivory Coast
24%
9 Tanzania
24%
12 Lesotho
22%
9 Rwanda
22%
6 Benin
20%
9 Burundi
20%
6 Guinea-Bissau
20%
No matching quizzes found
Score Distribution
Percent of People with Each Score
Percentile by Number Answered
Your Score History
You have not taken this quiz